Dewey decimal classification and relative index. (Запис № 488310)
[ простий вигляд ]
| 000 -LEADER | |
|---|---|
| fixed length control field | 01694cam a2200385I 4500 |
| 001 - CONTROL NUMBER | |
| control field | deweydecimalclas00dewe |
| 003 - CONTROL NUMBER IDENTIFIER | |
| control field | CaSfIA |
| 005 - DATE AND TIME OF LATEST TRANSACTION | |
| control field | 20210118001939.0 |
| 007 - PHYSICAL DESCRIPTION FIXED FIELD--GENERAL INFORMATION | |
| fixed length control field | cr|||| |
| 008 - FIXED-LENGTH DATA ELEMENTS--GENERAL INFORMATION | |
| fixed length control field | 750320s1958 nyu 001 0 eng |
| 010 ## - LIBRARY OF CONGRESS CONTROL NUMBER | |
| LC control number | 58009964 |
| 040 ## - CATALOGING SOURCE | |
| Original cataloging agency | DLC |
| Transcribing agency | DLM |
| Modifying agency | OCL |
| -- | MUQ |
| -- | AGL |
| -- | OCLCG |
| -- | CLU |
| -- | VVW |
| -- | CaSfIA |
| 016 7# - NATIONAL BIBLIOGRAPHIC AGENCY CONTROL NUMBER | |
| Record control number | CAT10999179 |
| Source | DNAL |
| 035 ## - SYSTEM CONTROL NUMBER | |
| System control number | (OCoLC)1226884 |
| 050 00 - LIBRARY OF CONGRESS CALL NUMBER | |
| Classification number | Z696 |
| Item number | .D519 1958 |
| 070 0# - NATIONAL AGRICULTURAL LIBRARY CALL NUMBER | |
| Classification number | 243.1 |
| Item number | D51 Ed.16 |
| 072 #0 - SUBJECT CATEGORY CODE | |
| Subject category code | X200 |
| 082 ## - DEWEY DECIMAL CLASSIFICATION NUMBER | |
| Classification number | 025.43 |
| 029 1# - (OCLC) | |
| OCLC library identifier | NZ1 |
| System control number | 4860230 |
| 029 1# - (OCLC) | |
| OCLC library identifier | AU@ |
| System control number | 000028130362 |
| 100 1# - MAIN ENTRY--PERSONAL NAME | |
| Personal name | Dewey, Melvil, |
| Dates associated with a name | 1851-1931. |
| 245 10 - TITLE STATEMENT | |
| Title | Dewey decimal classification and relative index. |
| Medium | [electronic resource] |
| 250 ## - EDITION STATEMENT | |
| Edition statement | 16th ed. |
| 260 ## - PUBLICATION, DISTRIBUTION, ETC. (IMPRINT) | |
| Place of publication, distribution, etc | Lake Placid Club, N.Y., |
| Name of publisher, distributor, etc | Forest Press |
| Date of publication, distribution, etc | [1958] |
| 300 ## - PHYSICAL DESCRIPTION | |
| Extent | 2 v. (viii, 2439 p.) |
| Dimensions | 26 cm. |
| 500 ## - GENERAL NOTE | |
| General note | First published anonymously in 1876 under title: A classification and subject index. 2d-14th editions published under title: Decimal classification and relativ index. |
| 505 0# - FORMATTED CONTENTS NOTE | |
| Formatted contents note | v. 1. Tables.--v. 2. Index. |
| 506 ## - RESTRICTIONS ON ACCESS NOTE | |
| Standardized terminology for access restriction | Необхідна авторизація на https://archive.org/ (створення облікового запису безкоштовно) |
| 506 ## - RESTRICTIONS ON ACCESS NOTE | |
| Standardized terminology for access restriction | Необхідна авторизація на https://openlibrary.org/ (створення облікового запису безкоштовно) |
| 650 #0 - SUBJECT ADDED ENTRY--TOPICAL TERM | |
| Topical term or geographic name as entry element | Classification, Decimal. |
| 650 #6 - SUBJECT ADDED ENTRY--TOPICAL TERM | |
| Topical term or geographic name as entry element | Classification décimale de Dewey. |
| 856 41 - ELECTRONIC LOCATION AND ACCESS | |
| Uniform Resource Identifier | <a href="http://www.archive.org/details/deweydecimalclas00dewe">http://www.archive.org/details/deweydecimalclas00dewe</a> |
| Public note | Free eBook from the Internet Archive |
| 856 42 - ELECTRONIC LOCATION AND ACCESS | |
| Uniform Resource Identifier | <a href="http://www.openlibrary.org/books/OL6248680M">http://www.openlibrary.org/books/OL6248680M</a> |
| Public note | Additional information and access via Open Library |
| 942 ## - ADDED ENTRY ELEMENTS (KOHA) | |
| Koha item type | ЕКнига |
Немає доступних примірників.